| 000 | 01017nam a22002657a 4500 | ||
|---|---|---|---|
| 005 | 20240530110612.0 | ||
| 008 | 160903s2012 au aaaag 000 0dara d | ||
| 017 |
_a16475/2011 _bمصر . دار الكتب المصرية |
||
| 020 | _a9789777047616 | ||
| 040 | _aEG-CaGPL | ||
| 082 | 0 | 4 |
_221 _a128.2\ _bف ت |
| 100 | 1 | _aفريث ، كريس . | |
| 245 | 1 |
_aتكوين العقل : _bكيف يخلق المخ عالمنا الذهني / _cتاليف كريس فريث ؛ ترجمه و تقديم شوقى جلال . |
|
| 260 |
_aالقاهره : _bالمركز القومى للترجمة ، _c2012 . |
||
| 300 |
_a352 ص : _bايض ؛ _c24 سم . |
||
| 490 | 0 |
_aالمشروع القومى للترجمة ؛ _v1970 |
|
| 650 | 0 | 4 | _aالتخيل . |
| 650 | 0 | 4 | _aالادراك . |
| 650 | 0 | 4 | _aالتفكير . |
| 650 | 0 | 4 | _aالعقل . |
| 650 | 0 | 4 | _aالذاكرة . |
| 700 | 0 |
_aشوقى جلال _eمترجم و مقدم |
|
| 942 |
_2ddc _cBK |
||
| 999 |
_c62886 _d62886 |
||